000 00717nam a22002297a 4500
003 UA-OsUOA
001 62768
007 ta
008 20090910b un ||||| |||| 00| 0 ukr d
100 _aПетряев К.Д.
090 _a930.2
_bП31
942 _cBK
040 _aUA-OsUOA
_brus
_cUA-OsUOA
_dUA-OsUOA
245 _aГносеологические и методологические основы источниковедения.
300 _a67 с.
955 _a2
041 _arus
080 _a930.2
260 _aКиев-Одесса
_bВища школа
_c1978
650 7 _a930 Історична наука. Допоміжні історичні дисципліни
_2UDC
999 _c348800
_d348800